| 000 | 01036cam a22003257a 4500 | ||
|---|---|---|---|
| 003 | CHAP | ||
| 005 | 20220817041536.0 | ||
| 008 | 971013s1975 r 00010 d | ||
| 010 | _a17539 | ||
| 011 | _a18511 | ||
| 035 | _a22596 | ||
| 040 | _cCHAP | ||
| 082 |
_a338.9 _bJ64 |
||
| 100 | 0 | 0 |
_aJones, Hywel G. _962021 |
| 245 | 1 | 3 | _aAn introduction to modern theories of economic growth |
| 260 |
_aNew York : _bMcGraw-Hill, _c1975 |
||
| 300 | _a250 p | ||
| 490 | 0 | _aEconomics handbook series | |
| 590 |
_aBATCH-UPD _b10 _c20130110 _lUCH01 _h0030 |
||
| 590 |
_aBATCH-UPD _b10 _c20130110 _lUCH01 _h1024 |
||
| 590 |
_aBATCH-UPD _b10 _c20130410 _lUCH01 _h0629 |
||
| 590 |
_aBATCH-UPD _b10 _c20130914 _lUCH01 _h1149 |
||
| 590 |
_aCONVERSION _b10 _c20130109 _lUCH01 _h1311 |
||
| 650 | 1 | 4 | _aDesarrollo económico. |
| 650 | 1 | 4 |
_aDesarrollo económico _xModelos matemáticos. _932054 |
| 830 | 0 |
_aEconomics handbook series _935216 |
|
| 901 | _aBK | ||
| 942 | _cLIBRO | ||
| 949 |
_a338.9 J64 _bBC _cLIBRO _d33724000264115 _eLIBRO _h44965 _i22596 _si _t455.00 |
||
| 999 |
_c17539 _d17539 |
||